Library Logo

Domestic Space in Classical Antiquity / [electronic resource] (Record no. 236571)

000 -LEADER
fixed length control field 02070nam a22003378a 4500
001 - CONTROL NUMBER
control field CR9780511780103
003 - CONTROL NUMBER IDENTIFIER
control field UkCbUP
005 - DATE AND TIME OF LATEST TRANSACTION
control field 20180107143413.0
006 - FIXED-LENGTH DATA ELEMENTS--ADDITIONAL MATERIAL CHARACTERISTICS
fixed length control field m|||||o||d||||||||
007 - PHYSICAL DESCRIPTION FIXED FIELD--GENERAL INFORMATION
fixed length control field cr||||||||||||
008 - FIXED-LENGTH DATA ELEMENTS--GENERAL INFORMATION
fixed length control field 100519s2010||||enk s ||1 0|eng|d
020 ## - INTERNATIONAL STANDARD BOOK NUMBER
International Standard Book Number 9780511780103 (ebook)
020 ## - INTERNATIONAL STANDARD BOOK NUMBER
Canceled/invalid ISBN 9780521783361 (hardback)
020 ## - INTERNATIONAL STANDARD BOOK NUMBER
Canceled/invalid ISBN 9780521789455 (paperback)
040 ## - CATALOGING SOURCE
Original cataloging agency UkCbUP
Transcribing agency UkCbUP
Description conventions rda
050 00 - LIBRARY OF CONGRESS CALL NUMBER
Classification number DF99
Item number .N47 2010
082 00 - DEWEY DECIMAL CLASSIFICATION NUMBER
Classification number 392.3/60938
Edition number 22
100 1# - MAIN ENTRY--PERSONAL NAME
Personal name Nevett, Lisa C.,
Relator term author.
245 10 - TITLE STATEMENT
Title Domestic Space in Classical Antiquity / [electronic resource]
Statement of responsibility, etc. Lisa C. Nevett.
264 #1 - PRODUCTION, PUBLICATION, DISTRIBUTION, MANUFACTURE, AND COPYRIGHT NOTICE
Place of production, publication, distribution, manufacture Cambridge :
Name of producer, publisher, distributor, manufacturer Cambridge University Press,
Date of production, publication, distribution, manufacture, or copyright notice 2010.
300 ## - PHYSICAL DESCRIPTION
Extent 1 online resource (198 pages) :
Other physical details digital, PDF file(s).
336 ## - CONTENT TYPE
Content type term text
Content type code txt
Source rdacontent
337 ## - MEDIA TYPE
Media type term computer
Media type code c
Source rdamedia
338 ## - CARRIER TYPE
Carrier type term online resource
Carrier type code cr
Source rdacarrier
490 0# - SERIES STATEMENT
Series statement Key Themes in Ancient History
500 ## - GENERAL NOTE
General note Title from publisher's bibliographic system (viewed on 09 Oct 2015).
520 ## - SUMMARY, ETC.
Summary, etc. Housing is shaped by culturally-specific expectations about the kinds of architecture and furnishings that are appropriate; about how and where different activities should be carried out; and by and with whom. It is those expectations, and the wider social and cultural systems of which they are a part, that are explored in this volume. At the same time, the book as a whole argues two larger points: first, that while houses, households and families have in recent years become increasingly important as objects of inquiry in Greek and Roman contexts, their potential as sources of information about broader social-historical issues has yet to be fully realised; and second, that greater weight and independence should be given to material culture as a source for studying ancient history. The book will be invaluable for upper-level undergraduates, graduate students and scholars.
776 08 - ADDITIONAL PHYSICAL FORM ENTRY
Relationship information Print version:
International Standard Book Number 9780521783361
830 #0 - SERIES ADDED ENTRY--UNIFORM TITLE
Uniform title Key Themes in Ancient History.
856 40 - ELECTRONIC LOCATION AND ACCESS
Uniform Resource Identifier http://dx.doi.org/10.1017/CBO9780511780103
Public note Cambridge Books Online

No items available.

Last Updated on September 15, 2019
© Dhaka University Library. All Rights Reserved|Staff Login